| 000 | 00797nam a22002297a 4500 | ||
|---|---|---|---|
| 001 | 44670 | ||
| 003 | BD-RjUL | ||
| 005 | 20211209053910.0 | ||
| 008 | 160719s1964 bg ||||| |||| 00| 0 ben d | ||
| 020 | _c : TK 4.00 | ||
| 035 | _a(BD-RjUL)44788 | ||
| 040 |
_aBD-RjUL _bben _cBD-RjUL |
||
| 041 | _aben | ||
| 082 |
_223 _a700.9 _bAHA 1964 |
||
| 100 | 1 |
_aআহমেদ, তোফায়েল _9137007 |
|
| 245 | 1 | 0 |
_aআমাদের প্রাচীন শিল্প / _cতোফায়েল আহমেদ |
| 260 |
_aঢাকা : _bদীননাথ সেন রোড, _c১৯৬৪. |
||
| 300 |
_a[৬], ১৫৪ পৃ. ; _c২১ সেমি. |
||
| 650 |
_aশিল্পকলা _9137026 _vইতিহাস |
||
| 650 |
_aThe Arts _9137027 _vHistory |
||
| 942 |
_2ddc _cBK |
||
| 999 |
_c44670 _d44670 |
||